[Event "Philadelphia Open"]
[Site "Philadelphia"]
[Date "2017.04.13"]
[Round "2.14"]
[White "GM Shimanov, Alex"]
[Black "Sobh, Hassan"]
[Result "1-0"]
[WhiteElo "2650"]
[BlackElo "1827"]
[PlyCount "65"]
[EventDate "2017.04.??"]
[EventType "swiss"]
[EventRounds "9"]
[EventCountry "USA"]

1. d4 Nf6 2. Bf4 e6 3. e3 c5 4. Nd2 d5 5. c3 Bd6 6. Bg3 O-O 7. Ngf3 Nc6 8. Bd3
Re8 9. Ne5 c4 10. Bc2 Qc7 11. f4 b5 12. Bh4 Be7 13. O-O Bb7 14. a3 a5 15. Qf3
b4 16. Qh3 g6 17. Ndf3 b3 18. Bb1 Nd7 19. Nxf7 Kxf7 20. Bg3 Kg7 21. Ng5 Nf8 22.
f5 Qd8 23. Nf7 Qd7 24. fxg6 Bg5 25. Nxg5 hxg6 26. Rxf8 Kxf8 27. Qh8+ Ke7 28.
Qg7+ Kd8 29. Nf7+ Kc8 30. Nd6+ Kd8 31. Nxb7+ Kc8 32. Nd6+ Kd8 33. Nxe8 1-0

[Event "Philadelphia Open"]
[Site "Philadelphia"]
[Date "2017.04.13"]
[Round "2.15"]
[White "Wang, Wesley"]
[Black "GM Panchanathan, Magesh"]
[Result "1/2-1/2"]
[WhiteElo "2111"]
[BlackElo "2494"]
[PlyCount "97"]
[EventDate "2017.04.??"]
[EventType "swiss"]
[EventRounds "9"]
[EventCountry "USA"]

1. e4 e5 2. Nf3 Nc6 3. Bc4 Nf6 4. d4 exd4 5. e5 d5 6. Bb5 Ne4 7. Nxd4 Bc5 8.
O-O Bd7 9. Bxc6 bxc6 10. f3 Ng5 11. f4 Ne4 12. Be3 Bb6 13. c3 c5 14. Nb3 Bc6
15. Re1 O-O 16. N1d2 d4 17. Nxe4 dxe3 18. Rxe3 a5 19. c4 a4 20. Nbd2 Qd4 21.
Qe2 a3 22. Rb1 axb2 23. Nb3 Qd7 24. Rxb2 Qf5 25. Qf3 Rfd8 26. g4 Qe6 27. Qe2
Rd4 28. Nxd4 cxd4 29. Ng5 Qg6 30. Rd3 h6 31. Nh3 Bb7 32. c5 Ba6 33. f5 Qc6 34.
Qf3 Qxf3 35. Rxf3 Bxc5 36. Nf2 Bc4 37. Rc2 Bd5 38. Rg3 Bb6 39. Nd3 Bxa2 40. Kf1
Bd5 41. Ke2 Ra1 42. Nc5 Bc6 43. Kd3 Bb5+ 44. Kxd4 Rd1+ 45. Ke4 Bc6+ 46. Kf4
Rd4+ 47. Ke3 Rd5 48. Kf4 Rd4+ 49. Ke3 1/2-1/2

[Event "Philadelphia Open"]
[Site "Philadelphia"]
[Date "2017.04.13"]
[Round "2.16"]
[White "Nyamdorj, Davaa-ochir"]
[Black "GM Molner, Mackenzie"]
[Result "0-1"]
[WhiteElo "2082"]
[BlackElo "2450"]
[PlyCount "100"]
[EventDate "2017.04.??"]
[EventType "swiss"]
[EventRounds "9"]
[EventCountry "USA"]

1. e4 c5 2. Nf3 d6 3. Bb5+ Nc6 4. Bxc6+ bxc6 5. e5 Bg4 6. h3 Bh5 7. O-O dxe5 8.
g4 e4 9. Ng5 Bg6 10. Nc3 Nf6 11. Qe2 h5 12. Ngxe4 hxg4 13. hxg4 Nxe4 14. Nxe4
e6 15. f3 Qh4 16. Qg2 Bxe4 17. fxe4 Bd6 18. Rf2 Be5 19. Kf1 Bd4 20. Rf3 Qh1+
21. Qxh1 Rxh1+ 22. Ke2 c4 23. c3 Be5 24. b3 cxb3 25. axb3 c5 26. Bb2 Rh4 27. d4
cxd4 28. cxd4 Bf6 29. e5 Be7 30. Raf1 Rb8 31. Bc1 Rxg4 32. Rh1 Kd7 33. Rd1 f5
34. exf6 Bxf6 35. Bf4 Rb5 36. Rc1 Rb7 37. Be5 Ke7 38. Rcf1 Rg2+ 39. Kd1 Rg6 40.
Kc2 Rd7 41. Kc3 Rd5 42. Ra1 a5 43. b4 Rxe5 44. bxa5 Rb5 45. Rf4 Rgg5 46. a6 Ra5
47. Rff1 Rgd5 48. Kb4 Rxa1 49. Rxa1 Rxd4+ 50. Kb3 Rd8 0-1

[Event "Philadelphia Open"]
[Site "Philadelphia"]
[Date "2017.04.13"]
[Round "2.17"]
[White "IM Vazquez, Guillermo"]
[Black "Myers, Dominique"]
[Result "1-0"]
[WhiteElo "2446"]
[BlackElo "2059"]
[PlyCount "71"]
[EventDate "2017.04.??"]
[EventType "swiss"]
[EventRounds "9"]
[EventCountry "USA"]

1. d4 f5 2. c4 Nf6 3. Nc3 e6 4. Nf3 Bb4 5. g3 b6 6. Bg2 Bb7 7. O-O O-O 8. Qb3
Bxc3 9. Qxc3 Be4 10. Rd1 d6 11. Bf1 Qe8 12. Ne1 Nbd7 13. Nd3 e5 14. f3 Bb7 15.
d5 a5 16. b3 Qh5 17. Nf2 Rae8 18. Re1 e4 19. f4 Re7 20. e3 Bc8 21. Be2 Qh6 22.
Kh1 g5 23. Rg1 Rg7 24. Bb2 Rg6 25. g4 gxf4 26. gxf5 Rg3 27. exf4 Rxg1+ 28.
Rxg1+ Kf7 29. Rg5 Qh4 30. Qe3 Re8 31. Bc3 Bb7 32. Ng4 Rg8 33. Nxf6 Nxf6 34.
Bxf6 Qe1+ 35. Kg2 Rxg5+ 36. fxg5 1-0

[Event "Philadelphia Open"]
[Site "Philadelphia"]
[Date "2017.04.13"]
[Round "2.18"]
[White "Yoo, Christopher"]
[Black "IM Sarkar, Justin"]
[Result "0-1"]
[WhiteElo "2104"]
[BlackElo "2390"]
[Annotator "Hater,David"]
[PlyCount "77"]
[EventDate "2017.04.??"]
[EventType "swiss"]
[EventRounds "9"]
[EventCountry "USA"]

1. e4 c6 2. d4 d5 3. Nc3 g6 4. Nf3 Bg7 5. Be2 Bg4 6. exd5 cxd5 7. Ne5 Bxe2 8.
Qxe2 e6 9. Qb5+ Nd7 10. Bf4 Qc8 11. O-O-O Ne7 12. Na4 Bxe5 13. Bxe5 O-O 14. Bd6
Re8 15. Bxe7 Rxe7 16. Rd3 Qc4 17. Qxb7 Rb8 18. Qxa7 Qxa2 19. Ra3 Qc4 20. Rd1
Qc8 21. Rc3 Qf8 22. Qa6 Qh6+ 23. Kb1 Qxh2 24. Qa7 Qd6 25. Rc7 Rbe8 26. Rd3 Nf6
27. Rxe7 Rxe7 28. Qc5 Ne4 29. Qxd6 Nxd6 30. Nc5 h5 31. Ra3 Kg7 32. Ra6 Nf5 33.
c3 e5 34. dxe5 Rxe5 35. b4 Re1+ 36. Kb2 Re2+ 37. Kb3 Rxf2 38. Nd3 Rxg2 39. Rc6
{[%emt 0:00:49] Black won move} 0-1

[Event "Philadelphia Open"]
[Site "Philadelphia"]
[Date "2017.04.13"]
[Round "2.19"]
[White "IM Haubro, Martin"]
[Black "Kung, Thomas"]
[Result "1-0"]
[WhiteElo "2355"]
[BlackElo "2103"]
[PlyCount "87"]
[EventDate "2017.04.??"]
[EventType "swiss"]
[EventRounds "9"]
[EventCountry "USA"]

1. e4 e5 2. Nf3 Nc6 3. Bb5 g6 4. c3 Bg7 5. d4 exd4 6. cxd4 a6 7. Bxc6 dxc6 8.
h3 Ne7 9. O-O O-O 10. Nc3 h6 11. Bf4 g5 12. Be5 f6 13. Bg3 Kh8 14. Re1 g4 15.
hxg4 Bxg4 16. Qd3 Qd7 17. Rad1 Bxf3 18. Qxf3 f5 19. Be5 Bxe5 20. dxe5 Qe6 21.
Qh3 Rad8 22. Rxd8 Rxd8 23. Ne2 Kh7 24. f4 Qd7 25. exf5 Nxf5 26. Ng3 Qd4+ 27.
Kh2 Nxg3 28. Qxg3 Rg8 29. Qe3 Qxe3 30. Rxe3 Rf8 31. Kg3 Kg6 32. Rd3 Kf5 33. Kf3
Ke6 34. g4 c5 35. Ke4 Rg8 36. Rh3 Rxg4 37. Rxh6+ Kd7 38. Rh7+ Kc6 39. Rh2 b5
40. Kf5 Rg8 41. e6 c4 42. Kf6 Kc5 43. f5 Rd8 44. e7 1-0

[Event "Philadelphia Open"]
[Site "Philadelphia"]
[Date "2017.04.13"]
[Round "2.20"]
[White "Lederer, Yoav"]
[Black "FM Nguyen, Trung"]
[Result "1-0"]
[WhiteElo "2317"]
[BlackElo "2013"]
[PlyCount "75"]
[EventDate "2017.04.??"]
[EventType "swiss"]
[EventRounds "9"]
[EventCountry "USA"]

1. Nf3 g6 2. g3 Bg7 3. d4 Nf6 4. Bg2 O-O 5. c4 d6 6. Nc3 Nc6 7. O-O a6 8. b3
Rb8 9. d5 Na5 10. Bd2 c5 11. dxc6 bxc6 12. c5 d5 13. Rc1 Nd7 14. e4 d4 15. Na4
e5 16. Ne1 Nb7 17. Nd3 Qe7 18. f4 Nd8 19. Ba5 Rb7 20. Nb6 Ne6 21. b4 Nxb6 22.
cxb6 Rd8 23. Qc2 Bd7 24. Qc4 Ra8 25. Rf2 c5 26. Nxc5 Bb5 27. Qb3 Nxc5 28. Rxc5
Qe8 29. Rc7 Rxc7 30. bxc7 Qd7 31. Qd5 Re8 32. Bf1 Qxd5 33. exd5 d3 34. a4 Bxa4
35. Bxd3 e4 36. Bxa6 e3 37. Re2 Bd7 38. Bb6 1-0

[Event "Philadelphia Open"]
[Site "Philadelphia"]
[Date "2017.04.13"]
[Round "2.21"]
[White "Wang, Alex"]
[Black "Brodsky, David"]
[Result "0-1"]
[WhiteElo "1985"]
[BlackElo "2313"]
[PlyCount "80"]
[EventDate "2017.04.??"]
[EventType "swiss"]
[EventRounds "9"]
[EventCountry "USA"]

1. e4 c6 2. d4 d5 3. Nd2 dxe4 4. Nxe4 Bf5 5. Ng3 Bg6 6. h4 h6 7. Nf3 Nd7 8. h5
Bh7 9. Bd3 Bxd3 10. Qxd3 e6 11. Bd2 Ngf6 12. O-O-O Be7 13. Ne4 O-O 14. Kb1 c5
15. dxc5 Nxc5 16. Nxf6+ Bxf6 17. Qxd8 Rfxd8 18. Be3 Na4 19. c3 Rxd1+ 20. Rxd1
Bxc3 21. bxc3 Nxc3+ 22. Kc2 Nxd1 23. Kxd1 Rd8+ 24. Kc2 Rd5 25. Bxa7 Ra5 26. Bb6
Ra6 27. Bd4 Rxa2+ 28. Kd3 f6 29. Nd2 Ra3+ 30. Ke4 Ra5 31. Nb3 Rxh5 32. Nc5 Rh4+
33. Kd3 e5 34. Bc3 Rh2 35. Nxb7 Rxg2 36. Ke3 h5 37. Kf3 Rg1 38. Nd6 h4 39. Nf5
h3 40. Ng3 h2 0-1

[Event "Philadelphia Open"]
[Site "Philadelphia"]
[Date "2017.04.13"]
[Round "2.22"]
[White "Santarius, Erick"]
[Black "Liang, Hairan"]
[Result "1-0"]
[WhiteElo "2313"]
[BlackElo "2022"]
[PlyCount "87"]
[EventDate "2017.04.??"]
[EventType "swiss"]
[EventRounds "9"]
[EventCountry "USA"]

1. e4 c5 2. Nf3 Nc6 3. Nc3 g6 4. Bb5 Bg7 5. O-O Nh6 6. d3 O-O 7. Bxc6 dxc6 8.
Be3 b6 9. Qc1 Ng4 10. Bf4 e5 11. Bg5 Qd6 12. h3 Nf6 13. Bh6 Nh5 14. Bxg7 Kxg7
15. Qe3 Nf4 16. Ne2 Ne6 17. Nd2 Ba6 18. Kh1 Nd4 19. Nxd4 Qxd4 20. Qxd4 cxd4 21.
f4 exf4 22. Rxf4 c5 23. a4 Rac8 24. b3 Rfe8 25. Raf1 Rc7 26. g4 Ree7 27. Kg2 h6
28. Kg3 Re6 29. h4 Rd7 30. Nf3 Bb7 31. h5 Ree7 32. hxg6 fxg6 33. g5 h5 34. Rf6
Bxe4 35. dxe4 Rxe4 36. Re1 Rg4+ 37. Kh3 Rxg5 38. Ree6 d3 39. Nxg5 dxc2 40.
Rxg6+ Kf8 41. Ref6+ Ke7 42. Rf1 Rd1 43. Rf7+ Ke8 44. Rg8# 1-0

[Event "Philadelphia Open"]
[Site "Philadelphia"]
[Date "2017.04.13"]
[Round "2.23"]
[White "Yang, Kevin"]
[Black "FM Sinha, Sahil"]
[Result "1/2-1/2"]
[WhiteElo "2016"]
[BlackElo "2288"]
[PlyCount "97"]
[EventDate "2017.04.??"]
[EventType "swiss"]
[EventRounds "9"]
[EventCountry "USA"]

1. e4 c5 2. Nf3 d6 3. Bb5+ Nd7 4. d4 cxd4 5. Qxd4 a6 6. Bxd7+ Bxd7 7. c4 e5 8.
Qd3 h6 9. Nc3 Nf6 10. O-O Be7 11. a4 O-O 12. Rd1 Rc8 13. b3 Qb6 14. Be3 Qa5 15.
Nd2 Rc6 16. Rdb1 Be6 17. b4 Qd8 18. a5 Nd7 19. Nd5 Bg5 20. b5 Rc8 21. bxa6 bxa6
22. Bb6 Qe8 23. Nf3 Bd8 24. Ne3 Rc6 25. c5 dxc5 26. Qxa6 Bxb6 27. axb6 Qb8 28.
Qa7 Rxb6 29. Rxb6 Qxb6 30. Qxb6 Nxb6 31. Nxe5 Rc8 32. Rb1 Na4 33. f3 Kf8 34.
Kf2 Rc7 35. Rc1 c4 36. f4 Nc5 37. f5 Nxe4+ 38. Kf3 Nd2+ 39. Ke2 Nb3 40. Rd1 Bc8
41. Rd6 Bb7 42. N5xc4 Bxg2 43. f6 gxf6 44. Rxf6 Rc6 45. Rf4 Rg6 46. Rxf7+ Kxf7
47. Ne5+ Kg7 48. Nxg6 Kxg6 49. Nxg2 1/2-1/2

[Event "Philadelphia Open"]
[Site "Philadelphia"]
[Date "2017.04.13"]
[Round "2.24"]
[White "Niemann, Hans"]
[Black "Senft, Sean"]
[Result "1-0"]
[WhiteElo "2281"]
[BlackElo "1983"]
[PlyCount "121"]
[EventDate "2017.04.??"]
[EventType "swiss"]
[EventRounds "9"]
[EventCountry "USA"]

1. d4 d5 2. c4 c6 3. cxd5 cxd5 4. Nc3 Nf6 5. Bf4 Nc6 6. e3 e6 7. Nf3 a6 8. Be2
Bd6 9. Bxd6 Qxd6 10. O-O O-O 11. Na4 Na5 12. Rc1 Bd7 13. Ne5 Bb5 14. Nc3 Bxe2
15. Nxe2 Rac8 16. Qa4 Qb6 17. b3 Nc6 18. Nxc6 Rxc6 19. Rxc6 Qxc6 20. Qxc6 bxc6
21. Rc1 Rc8 22. Rc5 Kf8 23. Ra5 Ra8 24. Nf4 Ke7 25. Nd3 Nd7 26. Kf1 Kd6 27. f3
Kc7 28. e4 Kb6 29. b4 Rd8 30. e5 f6 31. f4 fxe5 32. fxe5 Rf8+ 33. Ke2 Rf5 34.
Ra3 Rh5 35. Nf4 Rxh2 36. Rg3 g6 37. Nxe6 Rh4 38. Re3 Kb5 39. a3 Nb6 40. Nc7+
Ka4 41. Nxa6 Rxd4 42. Nc5+ Kb5 43. e6 Nc8 44. e7 Nd6 45. e8=Q Nxe8 46. Rxe8 Rg4
47. Kf3 Rh4 48. Rb8+ Kc4 49. a4 Rh1 50. a5 d4 51. Rb6 Ra1 52. Na6 Ra3+ 53. Ke4
Re3+ 54. Kf4 Kd5 55. b5 cxb5 56. Rxb5+ Kc6 57. Rb6+ Kd5 58. Nc7+ Kc5 59. Ne6+
Kd5 60. a6 Ra3 61. Nc7+ 1-0

[Event "Philadelphia Open"]
[Site "Philadelphia"]
[Date "2017.04.13"]
[Round "2.25"]
[White "WFM Samadashvili, Martha"]
[Black "FM Zhang, Yuanchen"]
[Result "1/2-1/2"]
[WhiteElo "1958"]
[BlackElo "2268"]
[PlyCount "120"]
[EventDate "2017.04.??"]
[EventType "swiss"]
[EventRounds "9"]
[EventCountry "USA"]

1. e4 e5 2. Nf3 Nc6 3. Bb5 a6 4. Ba4 Nf6 5. Bxc6 dxc6 6. O-O Be7 7. d3 Nd7 8.
Nbd2 O-O 9. Nc4 f6 10. b3 Nc5 11. Bb2 Ne6 12. Qd2 c5 13. Ne3 Rf7 14. c3 Bf8 15.
Qc2 b5 16. Rfd1 Rd7 17. Nf5 Bb7 18. Ng3 Kh8 19. Ne2 Qe8 20. Re1 Rad8 21. Rad1
Qg6 22. Ng3 Nf4 23. d4 cxd4 24. cxd4 Bb4 25. Bc3 Bxc3 26. Qxc3 exd4 27. Rxd4
Ne6 28. Rxd7 Rxd7 29. Qc2 c5 30. Re2 Qe8 31. Rd2 Qd8 32. Rxd7 Qxd7 33. Qd2 Qc7
34. Qc3 Qd6 35. Qd2 Qc7 36. Qc3 Qd6 37. Qd2 Qxd2 38. Nxd2 Kg8 39. f3 g6 40. Ne2
Kf7 41. Kf2 Nd8 42. Ke3 Nc6 43. Nb1 Bc8 44. Nbc3 Nb4 45. Nf4 g5 46. Nd3 Nxd3
47. Kxd3 Be6 48. Nb1 Ke7 49. Nd2 Kd6 50. g3 Kc6 51. Kc3 f5 52. a3 a5 53. b4
cxb4+ 54. axb4 a4 55. Nb1 f4 56. gxf4 gxf4 57. Kd4 Kd6 58. Na3 Bd7 59. Nc2 Bh3
60. Na3 Bd7 1/2-1/2

[Event "Philadelphia Open"]
[Site "Philadelphia"]
[Date "2017.04.13"]
[Round "2.26"]
[White "De Fotis, Gary"]
[Black "FM Li, Ben"]
[Result "0-1"]
[WhiteElo "1934"]
[BlackElo "2230"]
[PlyCount "40"]
[EventDate "2017.04.??"]
[EventType "swiss"]
[EventRounds "9"]
[EventCountry "USA"]

1. d4 d5 2. c4 c6 3. Nf3 Nf6 4. Nc3 e6 5. e3 Nbd7 6. Bd3 dxc4 7. Bxc4 b5 8. Bd3
Bd6 9. Ne4 Nxe4 10. Bxe4 Bb7 11. O-O O-O 12. Bd2 Qe7 13. Rc1 Rac8 14. Qb3 a6
15. a4 f5 16. Bd3 c5 17. axb5 Bxf3 18. gxf3 Bxh2+ 19. Kxh2 Qh4+ 20. Kg2 Qg5+
0-1

[Event "Philadelphia Open"]
[Site "Philadelphia"]
[Date "2017.04.13"]
[Round "2.27"]
[White "Daggupati, Balaji"]
[Black "Fernandez, Nelson"]
[Result "1-0"]
[WhiteElo "2152"]
[BlackElo "1922"]
[PlyCount "93"]
[EventDate "2017.04.??"]
[EventType "swiss"]
[EventRounds "9"]
[EventCountry "USA"]

1. e4 e5 2. Nf3 Nc6 3. Bb5 a6 4. Ba4 Nf6 5. O-O Be7 6. Re1 b5 7. Bb3 d6 8. c3
O-O 9. d4 Bg4 10. Be3 h6 11. Nbd2 Re8 12. d5 Na5 13. Bc2 Qc8 14. h3 Bd7 15. b4
Nb7 16. c4 c6 17. dxc6 Qxc6 18. Bd3 Nd8 19. a3 Ne6 20. Rc1 Qb7 21. Nb3 Rac8 22.
Nfd2 Bd8 23. Qe2 Bb6 24. cxb5 axb5 25. Na5 Bxa5 26. bxa5 Nc5 27. Bxc5 dxc5 28.
Rb1 Rb8 29. a4 b4 30. Nb3 Qa7 31. Bb5 Rec8 32. Rec1 Rb7 33. Ba6 Rbc7 34. Bxc8
Rxc8 35. Qe3 Bxa4 36. Rxc5 Re8 37. Rxe5 Ra8 38. Qxa7 Rxa7 39. Nd4 Nd7 40. Rd5
Nf6 41. Rf5 Nxe4 42. Rxb4 Bd7 43. Rb8+ Kh7 44. Rxf7 Nf6 45. Ne6 Kg6 46. Rxg7+
Kf5 47. Nc5 1-0

[Event "Philadelphia Open"]
[Site "Philadelphia"]
[Date "2017.04.13"]
[Round "2.28"]
[White "Frenkel, Benjamin"]
[Black "Tannenbaum, Zachary"]
[Result "1-0"]
[WhiteElo "1899"]
[BlackElo "2122"]
[PlyCount "51"]
[EventDate "2017.04.??"]
[EventType "swiss"]
[EventRounds "9"]
[EventCountry "USA"]

1. d4 d5 2. Bf4 c6 3. e3 Bf5 4. c4 e6 5. Nc3 Nd7 6. Qb3 Qb6 7. c5 Qxb3 8. axb3
a6 9. b4 Rc8 10. Nf3 Ngf6 11. h3 Be7 12. Nd2 O-O 13. Nb3 Bd8 14. Bd6 Re8 15.
Na5 Bxa5 16. bxa5 e5 17. Kd2 exd4 18. exd4 Nf8 19. f3 Ne6 20. Ra4 Nc7 21. g4
Bg6 22. h4 h6 23. Bh3 Ne6 24. Rb4 Ra8 25. Re1 Bh7 26. g5 1-0

[Event "Philadelphia Open"]
[Site "Philadelphia"]
[Date "2017.04.13"]
[Round "2.29"]
[White "FM Gorti, Akshita"]
[Black "Alvarez, Tirso"]
[Result "1-0"]
[WhiteElo "2261"]
[BlackElo "1580"]
[PlyCount "65"]
[EventDate "2017.04.??"]
[EventType "swiss"]
[EventRounds "9"]
[EventCountry "USA"]

1. d4 Nf6 2. c4 e6 3. Nc3 Bb4 4. e3 O-O 5. Nge2 b6 6. a3 Be7 7. e4 Bb7 8. Ng3
d6 9. Be2 Nbd7 10. O-O a6 11. f4 e5 12. Be3 exd4 13. Bxd4 Nc5 14. Bf3 Re8 15.
Qc2 Ne6 16. Be3 Bf8 17. Nd5 Bxd5 18. cxd5 Nc5 19. Bd4 Ncd7 20. Rfe1 Rc8 21.
Rad1 h6 22. e5 dxe5 23. fxe5 Nh7 24. b4 Ng5 25. Bg4 g6 26. e6 Nf6 27. exf7+
Kxf7 28. Bxc8 Qxc8 29. Rf1 Bg7 30. Qc6 Qd8 31. h4 Re4 32. hxg5 Rxd4 33. Rxd4
1-0

[Event "Philadelphia Open"]
[Site "Philadelphia"]
[Date "2017.04.13"]
[Round "2.30"]
[White "WIM Yu, Jennifer"]
[Black "Bisiriyu- Salem, Oluwaseun"]
[Result "1-0"]
[WhiteElo "2209"]
[BlackElo "2088"]
[PlyCount "113"]
[EventDate "2017.04.??"]
[EventType "swiss"]
[EventRounds "9"]
[EventCountry "USA"]

1. d4 Nf6 2. Bf4 e6 3. e3 c5 4. c3 Nc6 5. Nf3 Nh5 6. Bg5 Be7 7. Bxe7 Qxe7 8.
Bd3 f5 9. Nbd2 Nf6 10. O-O O-O 11. e4 cxd4 12. e5 Nd5 13. cxd4 Nf4 14. Nc4 b6
15. Nd6 Rb8 16. Bc4 Na5 17. Bb5 Nb7 18. Nxc8 Rbxc8 19. Qa4 Na5 20. Rac1 Nc6 21.
Rc2 Nd5 22. a3 Rc7 23. Rfc1 Rfc8 24. Bxc6 dxc6 25. Rxc6 Rxc6 26. Rxc6 Qd7 27.
Rxc8+ Qxc8 28. g3 a5 29. Nd2 h6 30. Qc4 Qd7 31. Nb1 b5 32. Qc5 b4 33. Qxa5 Qc6
34. Qc5 Qa4 35. Nd2 Qd1+ 36. Nf1 bxa3 37. bxa3 Kh7 38. Qc4 f4 39. a4 Ne3 40.
Qb5 Nc2 41. Qb3 Qe2 42. Qb1 Kh8 43. Qa2 Qe4 44. Qb1 Qe2 45. Qb2 Qe4 46. Qb8+
Kh7 47. Qb1 Kh8 48. a5 Qe2 49. a6 Nxd4 50. a7 Qf3 51. Nd2 Qa3 52. Qb8+ Kh7 53.
a8=Q Qc1+ 54. Kg2 Qxd2 55. Qg8+ Kg6 56. Qe4+ Kh5 57. Qf7+ 1-0

[Event "Philadelphia Open"]
[Site "Philadelphia"]
[Date "2017.04.13"]
[Round "2.32"]
[White "Huang, Andy"]
[Black "Kis, Lorand"]
[Result "1-0"]
[WhiteElo "2196"]
[BlackElo "2075"]
[PlyCount "69"]
[EventDate "2017.04.??"]
[EventType "swiss"]
[EventRounds "9"]
[EventCountry "USA"]

1. e4 e5 2. Nf3 Nc6 3. Bb5 a6 4. Ba4 Nf6 5. Qe2 b5 6. Bb3 Be7 7. O-O O-O 8. c3
d5 9. d3 Bb7 10. Nbd2 Re8 11. a3 Bf8 12. exd5 Nxd5 13. Ne4 f6 14. Rd1 Kh8 15.
Nfg5 fxg5 16. Nxg5 Re7 17. Nxh7 Nf6 18. Nxf8 Qxf8 19. Bg5 Nd8 20. Qe3 Nf7 21.
Qh3+ Nh6 22. a4 Qc8 23. Qe3 Qg4 24. f3 Qd7 25. Bxf6 Nf5 26. Qg5 gxf6 27. Qxf6+
Kh7 28. Re1 Nh6 29. d4 Qd6 30. Qh4 Rae8 31. Bc2+ Kh8 32. dxe5 Rxe5 33. Red1
Qb6+ 34. Kh1 c5 35. Rd7 1-0

[Event "Philadelphia Open"]
[Site "Philadelphia"]
[Date "2017.04.13"]
[Round "2.35"]
[White "FM Markzon, Gregory"]
[Black "Xu, Runya"]
[Result "1-0"]
[WhiteElo "2188"]
[BlackElo "2065"]
[PlyCount "125"]
[EventDate "2017.04.??"]
[EventType "swiss"]
[EventRounds "9"]
[EventCountry "USA"]

1. d4 Nf6 2. c4 e6 3. Nc3 Bb4 4. e3 Bxc3+ 5. bxc3 c5 6. Bd3 Nc6 7. Ne2 d6 8.
O-O e5 9. e4 h6 10. d5 Na5 11. f4 b6 12. Ng3 O-O 13. Nh5 Nxh5 14. Qxh5 Qe7 15.
f5 f6 16. Rf3 Qe8 17. Qh4 Qa4 18. Bxh6 gxh6 19. Qh5 Rf7 20. Qxh6 Qd7 21. Rh3
Rh7 22. Qg6+ Rg7 23. Qxf6 Ba6 24. Rf1 Bxc4 25. Bxc4 Nxc4 26. Qe6+ Qxe6 27. dxe6
Nd2 28. f6 Nxf1 29. fxg7 Kxg7 30. Kxf1 Re8 31. Rf3 Rxe6 32. c4 Rh6 33. h3 Rh4
34. g4 a6 35. a4 Rh8 36. Kg2 b5 37. axb5 axb5 38. cxb5 Rb8 39. Rb3 c4 40. Rc3
Rxb5 41. Rxc4 Rb2+ 42. Kg3 Rb3+ 43. Kh4 Kg6 44. Rc2 Re3 45. Rd2 Rxe4 46. Rxd6+
Kf7 47. Kg5 Re1 48. h4 e4 49. h5 e3 50. Rd4 e2 51. Re4 Kf8 52. h6 Kf7 53. Rf4+
Kg8 54. Rf2 Kh7 55. Rf7+ Kg8 56. Re7 Kf8 57. Re6 Kf7 58. Re4 Kf8 59. Kg6 Rg1
60. h7 Rxg4+ 61. Rxg4 e1=Q 62. h8=Q+ Ke7 63. Qf6+ 1-0

[Event "Philadelphia Open"]
[Site "Philadelphia"]
[Date "2017.04.13"]
[Round "2.36"]
[White "Garcia, Erick"]
[Black "Tsay, Vincent"]
[Result "1/2-1/2"]
[WhiteElo "2187"]
[BlackElo "1956"]
[PlyCount "114"]
[EventDate "2017.04.??"]
[EventType "swiss"]
[EventRounds "9"]
[EventCountry "USA"]

1. d4 Nf6 2. c4 g6 3. Nc3 Bg7 4. e4 d6 5. Nf3 O-O 6. Be2 Na6 7. O-O e5 8. Be3
Ng4 9. Bg5 Qe8 10. h3 exd4 11. Nxd4 Nf6 12. Bf3 Qe5 13. Be3 c6 14. Qc2 Nc7 15.
Rad1 Ne6 16. Nxe6 Bxe6 17. Be2 Bc8 18. f4 Qe7 19. Qd3 Nxe4 20. Qxe4 Qxe4 21.
Nxe4 Re8 22. Nxd6 Rxe3 23. Kf2 Re7 24. b3 Be6 25. Bf3 Rd7 26. g4 Bf8 27. Ne4
Be7 28. Rxd7 Bxd7 29. Rd1 Be6 30. Nd6 Bxd6 31. Rxd6 Kf8 32. c5 Ke7 33. Ke3 Rd8
34. Rxd8 Kxd8 35. h4 Ke7 36. Kd4 Bd7 37. g5 f6 38. b4 Bc8 39. a3 Kf7 40. h5
gxh5 41. Bxh5+ Kg7 42. Ke4 Be6 43. Kf3 fxg5 44. fxg5 h6 45. Kf4 hxg5+ 46. Kxg5
Bd7 47. Bg6 Be6 48. Bd3 Kf7 49. Bf5 b6 50. cxb6 axb6 51. a4 Bb3 52. a5 bxa5 53.
bxa5 Bc4 54. Be4 Bb5 55. Kf5 Ke7 56. Ke5 Kd7 57. Kd4 Kd6 1/2-1/2

[Event "Philadelphia Open"]
[Site "Philadelphia"]
[Date "2017.04.13"]
[Round "2.39"]
[White "Umayan, Vincent"]
[Black "FM Miyasaka, Marcus"]
[Result "1-0"]
[WhiteElo "1983"]
[BlackElo "2146"]
[PlyCount "75"]
[EventDate "2017.04.??"]
[EventType "swiss"]
[EventRounds "9"]
[EventCountry "USA"]

1. d4 Nf6 2. Nf3 e6 3. c4 d5 4. Nc3 Bb4 5. cxd5 exd5 6. Bg5 h6 7. Bxf6 Qxf6 8.
a3 Bxc3+ 9. bxc3 c5 10. e3 c4 11. Be2 O-O 12. O-O Nc6 13. Nd2 Bf5 14. Bf3 Rad8
15. Re1 b5 16. e4 dxe4 17. Nxe4 Qg6 18. Bh5 Qe6 19. Ng3 Qc8 20. Bf3 Bg6 21. Be4
Bxe4 22. Nxe4 a5 23. Qh5 b4 24. axb4 axb4 25. d5 Nb8 26. cxb4 Qb7 27. d6 f5 28.
Nc5 Qf7 29. Qxf7+ Rxf7 30. Kf1 Kh7 31. Ra8 Rf6 32. d7 Rb6 33. Ne6 Rxe6 34. Rxe6
c3 35. Ke2 Rxd7 36. Rxb8 Rd2+ 37. Ke3 f4+ 38. Kf3 1-0

[Event "Philadelphia Open"]
[Site "Philadelphia"]
[Date "2017.04.13"]
[Round "2.40"]
[White "Glick, Michael"]
[Black "Wongso, Steve"]
[Result "1/2-1/2"]
[WhiteElo "2129"]
[BlackElo "1617"]
[Annotator "Hater,David"]
[PlyCount "85"]
[EventDate "2017.04.??"]
[EventType "swiss"]
[EventRounds "9"]
[EventCountry "USA"]

1. e4 e5 2. Nf3 Nc6 3. Bc4 Nf6 4. d3 Be7 5. O-O O-O 6. Re1 d6 7. Nbd2 Na5 8. d4
Nxc4 9. Nxc4 d5 10. exd5 e4 11. Nfe5 Qxd5 12. Ne3 Qe6 13. f4 Rd8 14. Re2 Nd5
15. f5 Nxe3 16. Bxe3 Qb6 17. g4 Bf6 18. Qf1 Qd6 19. c3 Bxe5 20. dxe5 Qxe5 21.
Bd4 Qe7 22. Qf4 c5 23. f6 Qd7 24. Rxe4 Qxg4+ 25. Qxg4 Bxg4 26. Rxg4 cxd4 27.
Rxg7+ Kh8 28. cxd4 Rg8 29. Re1 Rxg7+ 30. fxg7+ Kxg7 31. Re7 Rd8 32. Rxb7 Rxd4
33. Rxa7 Rd1+ 34. Kg2 Rd2+ 35. Kg3 Rxb2 36. a4 Ra2 37. h4 Kf6 38. Kf4 Ke6 39.
Ra6+ Kd5 40. Kg5 Rg2+ 41. Kf5 Rf2+ 42. Kg5 Rg2+ 43. Kf5 1/2-1/2

[Event "Philadelphia Open"]
[Site "Philadelphia"]
[Date "2017.04.13"]
[Round "2.41"]
[White "Lee, Jayden"]
[Black "IM Trujillo, Reinaldo"]
[Result "0-1"]
[WhiteElo "1682"]
[BlackElo "2126"]
[PlyCount "96"]
[EventDate "2017.04.??"]
[EventType "swiss"]
[EventRounds "9"]
[EventCountry "USA"]

1. e4 c5 2. Nf3 g6 3. d4 cxd4 4. Nxd4 Nc6 5. Nc3 Bg7 6. Be3 Nf6 7. f3 O-O 8.
Bc4 Qb6 9. Bb3 Ng4 10. fxg4 Nxd4 11. Nd5 Qa5+ 12. c3 Nc6 13. Qd2 d6 14. g5 Be6
15. O-O-O Rac8 16. Kb1 Rfe8 17. h4 Ne5 18. Qe2 Bg4 19. Qd2 Bxd1 20. Qxd1 Nd7
21. h5 e6 22. Nf4 Qxg5 23. Qf3 Ne5 24. Qe2 Qe7 25. hxg6 hxg6 26. Bc1 a6 27. Qe3
Nc4 28. Qh3 Qf6 29. Qh7+ Kf8 30. Rf1 Ke7 31. Nd5+ exd5 32. Rxf6 Bxf6 33. Qh1
dxe4 34. Qe1 d5 35. Bxc4 Rxc4 36. Be3 Be5 37. Qh4+ Ke6 38. Qg4+ Kd6 39. Qg5
Rcc8 40. Bd4 Bxd4 41. cxd4 e3 42. Qf4+ Kc6 43. Qf6+ Re6 44. Qxf7 Rce8 45. Qf1
e2 46. Qe1 Rf8 47. Kc2 Rf1 48. Qc3+ Kd7 0-1